00285nam a2200121Ia 4500008004100000041001200041082001100053100000700064245003800071260003200109300000800141650001400149221030s9999 xx 000 0 und d aEnglish a105.23 aPk 0aInorganic Chemistry Digestcby Pk bKhosla PubaNew Delhic1987 a164 aChemistry